| 000 | 00785nam a22002297a 4500 | ||
|---|---|---|---|
| 999 |
_c19913 _d19913 |
||
| 003 | AR-CdUCM | ||
| 008 | 190523b ||||| |||| 00| 0 spa d | ||
| 040 |
_aMUNICIPALIDAD PROVINCIAL DEL CUSCO _cBIBLIOTECA MUNICIPAL DEL CUSCO |
||
| 082 |
_24ed _a658.83 / _bC7 |
||
| 100 |
_aConverse, Paul Dulaney _941625 |
||
| 245 | _aElementos de mercadotecnia / | ||
| 260 |
_aMéxico, D.F : _bHerrero Hnos. Sucesores, _c1966. |
||
| 300 |
_a962 páginas ; _c23 cm. |
||
| 505 | _aContenido: La economía de mercado -- La causa del mercadeo-- El consumidor... | ||
| 650 |
_aMercadotecnia _910603 |
||
| 650 |
_aEconomía _9382 |
||
| 650 |
_aMercado _942 |
||
| 700 |
_aHuegy, Hervey Wilborn _941626 |
||
| 700 |
_aMitchell, Robert Víctor _941627 |
||
| 942 |
_2ddc _cLIBROS |
||
| 945 |
_adavv _d2019-05-23 |
||